{"text_format":"3","workbook":"xlsx","n_sheets":1,"sheets":["Worksheet"],"read":"whole","date_system":"1900"}

{"sheet":"Worksheet","index":0,"n_rows":31,"n_cols":19,"rows_kept":31}
["№","Код участника","Название ОУ","СНИЛС","Фамилия","Имя","Отчество","Пол","Дата рождения","Участник с ОВЗ","Класс","Класс участия","Балл","Макс. балл","Статус","Призер МЭ прошлого года","Учитель","Место работы учителя","Предмет"]
[87152,"351010_18226260761_21","МБОУ «СОШ№10»",18226260761,"Ситдиков","Адель","Ирекович","м","02.07.2014",null,5,5,71,80,"призер",null,"Каргина О.А.","МБОУ \"СОШ №10 г. Лениногорска\"","Астрономия"]
[87153,"351010_18234775487_21","МБОУ «СОШ№10»",18234775487,"Имамутдинова","Самира","Айдаровна","ж","14.06.2014",null,5,5,0,80,"участник",null,"Каргина О.А.","МБОУ \"СОШ №10 г. Лениногорска\"","Астрономия"]
[87154,"351010_16964697039_21","МБОУ «СОШ№10»",16964697039,"Чавдарь","Андрей","Витальевич","м","13.12.2011",null,7,7,48,80,"призер",null,"Каргина О.А.","МБОУ \"СОШ №10 г. Лениногорска\"","Астрономия"]
[87155,"351010_17297523200_21","МБОУ «СОШ№10»",17297523200,"Якушина","Алина","Рафаэлевна","ж","23.07.2012",null,7,7,30,80,"участник",null,"Каргина О.А.","МБОУ \"СОШ №10 г. Лениногорска\"","Астрономия"]
[87156,"351010_16781065995_21","МБОУ «СОШ№10»",16781065995,"Юрин","Артем","Сергеевич","м","29.05.2011",null,8,8,53,100,"призер",null,"Каргина О.А.","МБОУ \"СОШ №10 г. Лениногорска\"","Астрономия"]
[87157,"351010_16765997648_21","МБОУ «СОШ№10»",16765997648,"Шагвалиев","Расул","Линарович","м","03.08.2011",null,8,8,18,100,"участник",null,"Каргина О.А.","МБОУ \"СОШ №10 г. Лениногорска\"","Астрономия"]
[87158,"351010_16542458779_21","МБОУ «СОШ№10»",16542458779,"Якушина","Аделина","Рафаэлевна","ж","31.03.2011",null,8,8,30,100,"участник",null,"Каргина О.А.","МБОУ \"СОШ №10 г. Лениногорска\"","Астрономия"]
[87159,"351010_16734182782_21","МБОУ «СОШ№10»",16734182782,"Чуйкова","Вероника","Витальевна","ж","16.07.2011",null,8,8,42,100,"участник",null,"Каргина О.А.","МБОУ \"СОШ №10 г. Лениногорска\"","Астрономия"]
[87160,"351010_16115523430_21","МБОУ «СОШ№10»",16115523430,"Шамсутдинова","Алина","Расимовна","ж","09.07.2010",null,9,9,60,100,"призер",null,"Каргина О.А.","МБОУ \"СОШ №10 г. Лениногорска\"","Астрономия"]
[87161,"351010_16079795613_21","МБОУ «СОШ№10»",16079795613,"Фирсова","Ксения","Евгеньевна","ж","04.06.2010",null,9,9,59,100,"призер",null,"Каргина О.А.","МБОУ \"СОШ №10 г. Лениногорска\"","Астрономия"]
[87162,"351010_16192744378_21","МБОУ «СОШ№10»",16192744378,"Львова","Мария","Анатольевна","ж","04.09.2010",null,9,9,41,100,"участник",null,"Каргина О.А.","МБОУ \"СОШ №10 г. Лениногорска\"","Астрономия"]
[87163,"351010_17014584648_21","МБОУ «СОШ№10»",17014584648,"Шаяхметова","Аделина","Фаридовна","ж","28.01.2011",null,9,9,41,100,"участник",null,"Каргина О.А.","МБОУ \"СОШ №10 г. Лениногорска\"","Астрономия"]
[87164,"351010_15716904178_21","МБОУ «СОШ№10»",15716904178,"Пироженкова","Русалина","Денисовна","ж","18.01.2010",null,9,9,43,100,"участник",null,"Каргина О.А.","МБОУ \"СОШ №10 г. Лениногорска\"","Астрономия"]
[87165,"351010_16119715055_21","МБОУ «СОШ№10»",16119715055,"Мальковская","Ангелина","Михайловна","ж","09.07.2010",null,9,9,40,100,"участник",null,"Каргина О.А.","МБОУ \"СОШ №10 г. Лениногорска\"","Астрономия"]
[87166,"351010_16060124212_21","МБОУ «СОШ№10»",16060124212,"Гафиятуллина","Амир","Маратович","м","03.06.2010",null,9,9,8,100,"участник",null,"Каргина О.А.","МБОУ \"СОШ №10 г. Лениногорска\"","Астрономия"]
[87167,"351010_16403480645_21","МБОУ «СОШ№10»",16403480645,"Гизитдинова","Лия","Раилевна","ж","04.02.2011",null,9,9,56,100,"призер",null,"Каргина О.А.","МБОУ \"СОШ №10 г. Лениногорска\"","Астрономия"]
[87168,"351010_16234311732_21","МБОУ «СОШ№10»",16234311732,"Андреева","Софья","Сергеевна","ж","05.10.2010",null,9,9,40,100,"участник",null,"Каргина О.А.","МБОУ \"СОШ №10 г. Лениногорска\"","Астрономия"]
[87169,"351010_16115523329_21","МБОУ «СОШ№10»",16115523329,"Шамсутдинова","Карина","Расимовна","ж","09.07.2010",null,9,9,34,100,"участник",null,"Каргина О.А.","МБОУ \"СОШ №10 г. Лениногорска\"","Астрономия"]
[87170,"351010_15582987519_21","МБОУ «СОШ№10»",15582987519,"Асабин","Дмитрий","Сергеевич","м","28.08.2009",null,10,10,25,100,"участник",null,"Каргина О.А.","МБОУ \"СОШ №10 г. Лениногорска\"","Астрономия"]
[87171,"351010_16098281488_21","МБОУ «СОШ№10»",16098281488,"Алексеев","Ярослав","Алексеевич","м","01.12.2008",null,10,10,74,100,"призер",null,"Каргина О.А.","МБОУ \"СОШ №10 г. Лениногорска\"","Астрономия"]
[87172,"351010_15694819723_21","МБОУ «СОШ№10»",15694819723,"Костров","Дмитрий","Станиславович","м","07.12.2009",null,10,10,45,100,"участник",null,"Каргина О.А.","МБОУ \"СОШ №10 г. Лениногорска\"","Астрономия"]
[87173,"351010_15499139409_21","МБОУ «СОШ№10»",15499139409,"Садриев","Тимур","Ильнарович","м","24.08.2009",null,10,10,43,100,"участник",null,"Каргина О.А.","МБОУ \"СОШ №10 г. Лениногорска\"","Астрономия"]
[87174,"351010_15574273282_21","МБОУ «СОШ№10»",15574273282,"Кузьмин","Алексей","Иванович","м","17.08.2009",null,10,10,27,100,"участник",null,"Каргина О.А.","МБОУ \"СОШ №10 г. Лениногорска\"","Астрономия"]
[87175,"351010_15707702569_21","МБОУ «СОШ№10»",15707702569,"Усманова","Карина","Рамилевна","ж","03.01.2010",null,10,10,79,100,"призер",null,"Каргина О.А.","МБОУ \"СОШ №10 г. Лениногорска\"","Астрономия"]
[87176,"351010_15826676002_21","МБОУ «СОШ№10»",15826676002,"Чуйкова","Виктория","Витальевна","ж","06.09.2008",null,11,11,33,100,"участник",null,"Каргина О.А.","МБОУ \"СОШ №10 г. Лениногорска\"","Астрономия"]
[87177,"351010_15686705409_21","МБОУ «СОШ№10»",15686705409,"Шамсутдинов","Руслан","Расимович","м","16.07.2008",null,11,11,34,100,"участник",null,"Каргина О.А.","МБОУ \"СОШ №10 г. Лениногорска\"","Астрономия"]
[87178,"351010_15216826553_21","МБОУ «СОШ№10»",15216826553,"Анисахарова","Софья","Вячеславовна","ж","28.09.2008",null,11,11,36,100,"участник",null,"Каргина О.А.","МБОУ \"СОШ №10 г. Лениногорска\"","Астрономия"]
[87179,"351010_15267051555_21","МБОУ «СОШ№10»",15267051555,"Бурганова","Алсу","Ренатовна","ж","08.11.2008",null,11,11,68,100,"призер",null,"Каргина О.А.","МБОУ \"СОШ №10 г. Лениногорска\"","Астрономия"]
[87180,"351010_15683811999_21","МБОУ «СОШ№10»",15683811999,"Сосункевич","Виктория","Вячеславовна","ж","28.01.2008",null,11,11,14,100,"участник",null,"Каргина О.А.","МБОУ \"СОШ №10 г. Лениногорска\"","Астрономия"]
[87181,"351010_00101000002_21","МБОУ «СОШ№10»","00101000002","Евсеева","Есения","Артемьевна","ж","26.10.2006",null,10,10,50,0,"участник",null,null,"школа2","Астрономия"]